000 00934nam a22003017a 4500
003 CHAP
005 20220329140643.0
008 971013s r 00010 d
010 _a55408
011 _a56380
035 _a60533
040 _cCHAP
090 _aR-2475
100 0 0 _aYeung, Edward C.
_9123100
245 _aShoot histogenesis in cotyledon explants of Radiate pine
500 _aSobretiro de: Bot. Gaz. 142 (4):494-501, 1981
590 _aBATCH-UPD
_b10
_c20130110
_lUCH01
_h0115
590 _aBATCH-UPD
_b10
_c20130110
_lUCH01
_h1050
590 _aBATCH-UPD
_b10
_c20130410
_lUCH01
_h0647
590 _aBATCH-UPD
_b10
_c20130914
_lUCH01
_h0944
590 _aCONVERSION
_b10
_c20130109
_lUCH01
_h1330
650 1 4 _aCitologĂ­a e histologĂ­a vegetales.
_923495
650 1 4 _aCotiledones.
_928564
650 1 4 _aPinus radiata.
_988362
901 _aBK
942 _cREIMP
949 _aR-2475
_bBC
_cR
_d-130424
_eTS1
_i60533
_si
999 _c55408
_d55408